Rodents- Sudden Death - Statistics

General Stats
  • This quiz has been taken 102 times
  • The average score is 5 of 23
Answers on the Grid
Answers color-coded by a green-red scale on the quiz's grid according to % correct below.
Rabbit
Hare
Springhare
Paca
Capybara
Nutria
Rat
Mouse
Dormouse
Hedgehog
Ermine
Mink
Shrew
Mole
Weasel
Otter
Beaver
Chinchilla
Palm Civet
Vole
Hyrax
Quokka
Tardigrade
Bush Baby
Naked Mole-rat
Bandicoot
Opossum
Mite
Porcupine
Guinea Pig
Hamster
Gerbil
Ferret
Gopher
Muskrat
Lemming
Jerboa
Squirrel
Chipmunk
Groundhog
Prairie Dog
Woolly Bear
Peccary
Mongoose
Chihuahua
 
Answer Stats
Answer % Correct
Chinchilla
41%
Mouse
38%
Chipmunk
35%
Hamster
35%
Naked Mole-rat
35%
Prairie Dog
32%
Rat
32%
Capybara
29%
Guinea Pig
29%
Squirrel
24%
Jerboa
21%
Muskrat
21%
Vole
21%
Dormouse
18%
Gerbil
18%
Gopher
18%
Nutria
18%
Lemming
15%
Porcupine
15%
Beaver
12%
Groundhog
12%
Paca
9%
Springhare
6%
No matching quizzes found
Score Distribution
Percent of People with Each Score
Percentile by Number Answered
Your Score History
You have not taken this quiz